000 00828nam a2200169 a 4500
008 090708s1992 ||||||||||||||||| || u
050 _aGOV.ZAM(058)ER/1992
110 _aNational Commission for Development Planning (NCDP)
245 1 0 _aRepublic of Zambia economic review 1992
_cBy the Office of the President. National Commission for Development Planning
260 _aLusaka
_bNational Commission for Development Planning (NCDP)
_c1992
300 _a34p.: ill.
350 _a0.00
500 _aLIBRARY HOLDINGS: January-March 1992, Second review, september 1992
650 0 _aECONOMIC DEVELOPMENT--ZAMBIA
710 _aGovernment of the Republic of Zambia (GRZ)
995 _D0.00
_FCBU-MAIN LIBRARY (Kitwe)
_H1
_I0.00
_M1
_UDAMAGED
_WJul 8, 2009
_ZZambiana Collection
999 _c56274
_d56274